<The> Self-selection of workers to the formal and informal in transition economies: evidence from Tajikistan

Analýza výberu pracovníkov do zamestnania v neformálnom a formálnom sektore v Tadžikistane, ako chudobnej tranzitívnej krajine. Porovnanie oboch sektorov a mzdových rozdielov.

Na minha lista:
Detalhes bibliográficos
Autor principal: Huber, Peter
Outros Autores: Rahimov, Ulugbek
Formato: Capítulo de Livro
Idioma:inglês
Assuntos:
Tags: Adicionar Tag
Sem tags, seja o primeiro a adicionar uma tag!

MARC

LEADER 00000nla a2200000 4500
001 0230249
005 20240417075116.9
041 0 |a eng 
044 |a CZ 
245 1 0 |a <The> Self-selection of workers to the formal and informal in transition economies: evidence from Tajikistan  |c Peter Huber, Ulugbek Rahimov 
520 |a Analýza výberu pracovníkov do zamestnania v neformálnom a formálnom sektore v Tadžikistane, ako chudobnej tranzitívnej krajine. Porovnanie oboch sektorov a mzdových rozdielov. 
610 2 0 |a trh práce 
610 2 0 |a zamestnanie 
610 2 0 |a zamestnanosť 
610 2 0 |a výber pracovníkov 
610 2 0 |a pracovníci 
610 2 0 |a ekonomika tieňová 
610 2 0 |a segmentácia 
610 2 0 |a mzdy 
610 2 0 |a krajiny tranzitívne 
610 2 0 |a Tadžikistan 
100 1 |a Huber, Peter 
700 1 |a Rahimov, Ulugbek